000 01093nam a22002417a 4500
005 2009111306196.0
008 091113t xxu||||| |||| 00| 0 eng d
010 _aENG-95478
020 _a9788189983215
_c600.00
035 _aEN-78911
037 _bDBAD/PUB
040 _aDPL
082 _a363.707
245 _aEnvironmental education /
_cedited & complied by Prem Sunder
260 _aNew Delhi
_bKhel Sahitya Kendra Publishers
_c2009
270 _a7/26, Ansari Road, Darya Ganj
_bNew Delhi
_e110002
_k011-65190343,43551324,42564726
_l42564726
_mkhelsahitya1@rediffmail.com
300 _a 280p.
_c22 cm.(Hb)
700 _a Prem Sunder
856 _uhttp://www.loc.gov/catdir/toc/ecip0721/2007025342.html
942 _2ddc
_cEN
_mENV
_h363.707
999 _c31886
_d31886